¿A dónde va Colombia? : (Registro nro. 5565)

Detalles MARC
000 -LEADER
fixed length control field 00986nam a2200253Ia 4500
003 - CONTROL NUMBER IDENTIFIER
control field OSt
005 - DATE AND TIME OF LATEST TRANSACTION
control field 20200718010733.0
008 - FIXED-LENGTH DATA ELEMENTS--GENERAL INFORMATION
fixed length control field 191128s1981 ck fr 000 0 spa d
040 ## - CATALOGING SOURCE
Original cataloging agency CO-JMCR
Transcribing agency CO-JMCR
041 0# - LANGUAGE CODE
Language code of text/sound track or separate title spa
082 04 - DEWEY DECIMAL CLASSIFICATION NUMBER
Classification number 338.986 /
Item number G216a
Edition number 23
100 1# - MAIN ENTRY--PERSONAL NAME
Personal name García, Antonio,
Relator term autor
9 (RLIN) 7522
245 13 - TITLE STATEMENT
Title ¿A dónde va Colombia? :
Remainder of title de la república señorial a la crisis del capitalismo dependiente /
Statement of responsibility, etc. Antonio García
250 ## - EDITION STATEMENT
Edition statement Primera edición
260 ## - PUBLICATION, DISTRIBUTION, ETC.
Place of publication, distribution, etc. Bogotá :
Name of publisher, distributor, etc. Tiempo Americano Editores,
Date of publication, distribution, etc. 1981
300 ## - PHYSICAL DESCRIPTION
Extent 120 páginas ;
Dimensions 21 cm.
490 0# - SERIES STATEMENT
Series statement Textos populares
504 ## - BIBLIOGRAPHY, ETC. NOTE
Bibliography, etc. note Bibliografía: páginas 119-1200
505 0# - FORMATTED CONTENTS NOTE
Formatted contents note Geografía e historia en la república señorial -- Apogeo y crisis de la república señorial -- La crisis del modelo del capitalismo dependiente
650 14 - SUBJECT ADDED ENTRY--TOPICAL TERM
Topical term or geographic name entry element Historia económica
Geographic subdivision Colombia
9 (RLIN) 6882
650 14 - SUBJECT ADDED ENTRY--TOPICAL TERM
Topical term or geographic name entry element Historia del capitalismo
Geographic subdivision Colombia
9 (RLIN) 7523
650 14 - SUBJECT ADDED ENTRY--TOPICAL TERM
Topical term or geographic name entry element Política económica
Geographic subdivision Colombia
9 (RLIN) 6845
942 ## - ADDED ENTRY ELEMENTS (KOHA)
Source of classification or shelving scheme Dewey Decimal Classification
Koha item type Books
Existencias
Withdrawn status Lost status Source of classification or shelving scheme Damaged status Not for loan Collection code Home library Current library Date acquired Source of acquisition Full call number Barcode Date last seen Copy number Koha item type
    Dewey Decimal Classification     Non-fiction Biblioteca Pública José María del Castillo y Rada Biblioteca Pública José María del Castillo y Rada 04/15/2018 Donación 338.986 / G216a 430002225 05/16/2024 Ej.1 Books